| 000 | 00435nam a2200121Ia 4500 | ||
|---|---|---|---|
| 008 | 220216s9999 xx 000 0 und d | ||
| 100 | _aMathew N.M. | ||
| 245 | 0 | _aModified forms of natural rubber | |
| 260 |
_bWorkshop on the Latest Trends in Exploitation, Processing and Marketing of Natural Rubber, UPASI, R&D Centre for Rubber, Kottayam, India, pp. 36-43 _c1997 |
||
| 650 | _aModified form | ||
| 650 | _aNatural rubber | ||
| 942 | _cBS | ||
| 999 |
_c52660 _d52660 |
||